• 首页
  • 本馆介绍
  • 公告通知
  • 最新文献
  • 馆藏检索
  • 电子资源
  • 读者导购
  • 参考咨询
  • 我的图书馆
  • 登录
  • 详细信息显示
  • 放入我的书架
  • 预约/预借图书
  • 作者相关作品
  • 分类相关作品
  • 丛书相关作品
  • 出版社相关作品

书目信息

  • 表格格式
  • 工作单格式
  • 卡片格式
题名:
万条成语词典
    
 
作者: 颜毓书 主编
分册:  
出版信息: 哈尔滨   黑龙江人民出版社  1986
页数: 1053页
开本: 19cm
丛书名:
单 册:
中图分类: H136.3-61
科图分类:
主题词: 汉语--成语--词典
电子资源:
ISBN:
000 00637nam0 2200229 45
001 0186017075
005 20070801102909.29
010    @b精装@dCNY9.90
091    @a17093.53
100    @a19900809d1986 emky0chiy0121 ea
101 0  @achi
102    @aCN@b230000
105    @ay e 000yy
200 10 @a万条成语词典@Awan tiao cheng yu ci dian@f颜毓书主编@FYan Yu Shu Zhu Bian
210    @a哈尔滨@c黑龙江人民出版社@d1986
215    @a1053页@d19cm
606    @a汉语@x成语@x词典
690    @aH136.3-61@v3
701  0 @a颜毓书@4主编
801  2 @aCN@bNLC@c20070801
801  0 @aCN@b深圳图书馆@c20050418
905    @dH136.3-61@e104@b154993@f1
    
    万条成语词典/颜毓书主编.-哈尔滨:黑龙江人民出版社,1986
    1053页;19cm
    
    
    ISBN (精装):CNY9.90
    
●
相关链接 在E读中查询图书 在五车中查询图书 在当当中查询图书 在豆瓣中查询图书


正题名:万条成语词典     索取号:H136.3-61/104         预约/预借

序号 登录号 条形码 馆藏地/架位号 状态 备注
1 0154895   202074469   第二样本阅览室/ [索取号:H136.3-61/104] 在馆    
2 0154993   001560956   密集书库/ [索取号:H136.3-61/104] 在馆    
3 0154994   002024614   工具书阅览室/ [索取号:H136.3-61/104] 在馆    
4 0790164   207901644   密集书库/ [索取号:H136.3-61/104] 在馆    
5 0790336   207903367   密集书库/ [索取号:H136.3-61/104] 在馆    
唐山师范学院图书馆 欢迎您!
大连网信软件有限公司© 版权所有